Jewish Cities Quiz - Statistics

General Stats
  • This quiz has been taken 115 times
  • The average score is 11 of 12
Answer Stats
Jewish population Country City % Correct
277,000 France Paris
100%
165,000 U.K London
98%
100,000 Russia Moscow
98%
50,000 Australia Sydney
98%
188,710 Canada Toronto
98%
80,000 Hungary Budapest
94%
180,000 Argentina Buenos Aires
92%
55,640 Australia Melbourne
92%
90,780 Canada Montreal
88%
75,000 Brazil Sao Paulo
88%
50,000 South Africa Johannesburg
85%
70,000 France Marseille
83%
No matching quizzes found
Score Distribution
Percent of People with Each Score
Percentile by Number Answered
Your Score History
You have not taken this quiz